000 00818cam a2200265 i 4500
001 16178
003 BD-RjUL
005 20211208235953.0
008 140211s1975 nyua b 001 0 eng
020 _a0444001506
035 _a(BD-RjUL)16233
040 _aDLC
_cDLC
_dDLC
_dBD-RjUL
_beng
041 _aeng
082 0 0 _a658.4034
_bIMP 1975
245 0 0 _aImplementing operations research/management science /
_cedited by Randall L. Schultz, Dennis P. Slevin.
260 _aNew York :
_bAmerican Elsevier Pub. Co.,
_c1975.
300 _axiv, 334 p. :
_bill. ;
_c24 cm.
504 _aIncludes bibliographies and index.
650 0 _aOperations research.
_950066
700 1 _aSchultz, Randall L.
_950067
700 1 _aSlevin, Dennis P.
_950068
942 _2ddc
_cBK
999 _c16178
_d16178